000 00520 a2200157 4500
005 20250603074931.0
020 _a1-84480-028-8
082 _aLECT 657.42 DRU
100 _aDRURY, C.
245 _aManagement and cost accounting
250 _a6th Ed.
260 _aLondon,
_bThomson,
_c2004.
300 _axxxii, 1280p.: ill.; chart, figure, graph, picture, table.
_bBibliography & index,
_c25cm.
856 _yAccess online book
_fManagement and cost accounting
_dhttp://www.thomsonlearning.co.uk
942 _2ddc
_cBKS
999 _c2923
_d2923